000 00657nam a22001457a 4500
999 _c526613
_d526613
008 240613b ||||| |||| 00| 0 eng d
100 _a Mingus, Matthew S.
_946089
245 _aThe privatization of everything. How the plunder of public goods transformed America and how we can fight back. By Donald Cohen, Allen Mikaelian, New York: New press. 2021. pp. 349. $22.10 (hard cover). ISBN: 978-1-62097-653-1
260 _aPublic Administration Review
300 _a84(2), Mar-Apr, 2024: p.375-376
520 _ahttps://onlinelibrary.wiley.com/doi/10.1111/puar.13804
773 _aPublic Administration Review
906 _aBOOK REVIEW
942 _cAR